Belgrade Nikola Tesla Airport Destinations (Belgrade, Serbia) - Statistics

General Stats
  • This quiz has been taken 374 times
    29 since last reset
  • The average score is 103 of 129
Answer Stats
Airline Destination % Correct
Royal Jordanian Amman (Queen Alia)
100%
Air Serbia Antalya
100%
Aegean Airlines/Air Serbia Athens
100%
Hainan Airlines Beijing (Capital)
100%
Air Serbia Budapest
100%
Qatar Airways Doha
100%
flydubai Dubai (International)
100%
Air Serbia/Lufthansa Frankfurt
100%
Air Serbia/Wizz Air Hamburg
100%
Lufthansa Munich
100%
Air Serbia Naples
100%
Air Serbia/Norwegian Air Shuttle Oslo
100%
Air Serbia Palma de Mallorca
100%
Air Serbia/easyJet Paris (Charles de Gaulle)
100%
Transavia Paris (Orly)
100%
airBaltic Riga
100%
Air Serbia/Wizz Air Rome (Fiumicino)
100%
Air Serbia/Norwegian Air Shuttle Stockholm (Arlanda)
100%
Wizz Air Stockholm (Skavsta)
100%
Air Serbia/Austrian Airlines Vienna
100%
LOT Polish Airlines Warsaw (Chopin)
100%
Air Serbia/Swiss International Air Lines Zürich
100%
Air Serbia/KLM Amsterdam
96%
Air Serbia/Wizz Air Barcelona
96%
Air Serbia/TAROM Bucharest (Otopeni)
96%
Eurowings Cologne/Bonn
96%
Air Serbia/Eurowings Düsseldorf
96%
Air Serbia/easyJet Geneva
96%
Air Serbia/Turkish Airlines Istanbul
96%
AJet/Pegasus Airlines Istanbul (Sabiha Gökçen)
96%
Air Serbia Kraków
96%
Air Serbia London (Heathrow)
96%
Wizz Air London (Luton)
96%
Luxair Luxembourg
96%
Air Serbia Milan (Malpensa)
96%
Air Serbia/Wizz Air Palermo
96%
Air Serbia/Sky Express Rhodes
96%
arkia/Sun d'Or Tel Aviv
96%
Air Serbia Tirana
96%
Air Serbia/Wizz Air Alicante
91%
Air Serbia/AJet Ankara
91%
Air Serbia Bari
91%
Wizz Air Basel/Mulhouse
91%
Air Serbia/Wizz Air Berlin
91%
Air Serbia Bologna
91%
Air Serbia Brussels
91%
Air Serbia Copenhagen
91%
Air Serbia Dubrovnik
91%
Air Serbia Florence
91%
Air Serbia/China Southern Airlines Guangzhou
91%
Air Serbia/AJet İzmir
91%
Air Serbia/Wizz Air Madrid
91%
Air Serbia Málaga
91%
Air Montenegro/Air Serbia Podgorica
91%
Air Serbia Porto
91%
Air Serbia Sofia
91%
Air Serbia/Eurowings Stuttgart
91%
Air Serbia Thessaloniki
91%
Air Montenegro/Air Serbia Tivat
91%
Air Serbia Venice
91%
Air Serbia Zagreb
91%
Air Serbia Bodrum
87%
Air Serbia Catania
87%
Air Serbia Corfu
87%
Air Serbia Hannover
87%
Air Serbia/Sky Express/Wizz Air Heraklion
87%
Air Serbia Lisbon
87%
Air Serbia/Wizz Air Nice
87%
Wizz Air Pisa
87%
Air Serbia Santorini
87%
Air Serbia Seville
87%
Air Serbia Sharm El Sheikh
87%
Air Serbia Split
87%
Air Serbia Varna
87%
Air Serbia Zadar
87%
Air Serbia/Wizz Air Chania
83%
Air Cairo/Air Serbia Hurghada
83%
Air Serbia Ljubljana
83%
Air Serbia Moscow (Sheremetyevo)
83%
Air Serbia New York (JFK)
83%
Air Serbia Prague
83%
Air Serbia Saint Petersburg
83%
Air Serbia Salzburg
83%
Air Serbia Valencia
83%
Air Serbia Zakynthos
83%
SCAT Airlines Astana
78%
Air Serbia Baku
78%
Air Serbia/Wizz Air Gothenburg
78%
Air Serbia Mykonos
78%
Air Serbia Pula
78%
Air Serbia Tbilisi
78%
Wizz Air Bergamo
74%
Air Serbia/Wizz Air Larnaca
74%
Air Serbia Rijeka
74%
Air Serbia Sarajevo
74%
Air Serbia Shanghai (Pudong)
74%
Air Serbia Skopje
74%
Air Serbia/Wizz Air Malta
70%
Air Serbia Niš
70%
Air Serbia Dalaman
65%
Nouvelair Djerba
65%
Air Serbia Kefalonia
65%
Air Serbia Tenerife (South)
65%
Wizz Air Eindhoven
61%
Air Serbia/Nouvelair Monastir
61%
Air Serbia Nuremberg
61%
Air Serbia Preveza/Lefkada
61%
Air Serbia Chicago (O'Hare)
57%
Wizz Air Memmingen
57%
Air Serbia Toronto (Pearson)
57%
Air Serbia Banja Luka
52%
Wizz Air Beauvais
52%
Wizz Air Dortmund
52%
Wizz Air Malmö
52%
Air Serbia Mostar
52%
Air Serbia Ohrid
52%
Air Serbia Sochi
52%
Air Serbia/Wizz Air Alghero
48%
Air Serbia Kavala
48%
Air Serbia Kazan
48%
Wizz Air Karlsruhe/Baden-Baden
43%
Air Serbia Skiathos
43%
Air Serbia Tromsø
35%
Air Serbia Nizhny Novgorod
30%
Wizz Air Friedrichshafen
26%
Air Serbia Brač
17%
Wizz Air Grenoble
17%
Air Serbia Marsa Matruh
17%
Air Serbia El Dabaa
0%
No matching quizzes found
Score Distribution
Percent of People with Each Score
Percentile by Number Answered
Your Score History
You have not taken this quiz since the last reset